GETS Theological Seminary Library

心理结构与心理动力学: (Record no. 32854)

MARC details
000 -LEADER
fixed length control field 00856nam a2200229Ia 4500
008 - FIXED-LENGTH DATA ELEMENTS--GENERAL INFORMATION
fixed length control field 201221s9999||||xx |||||||||||||| ||und||
020 ## - INTERNATIONAL STANDARD BOOK NUMBER
International Standard Book Number 7512501439
020 ## - INTERNATIONAL STANDARD BOOK NUMBER
International Standard Book Number 9787512501430
041 ## - LANGUAGE CODE
Language code of text/sound track or separate title chi
Language code of original eng
050 ## - LIBRARY OF CONGRESS CALL NUMBER
Classification number BF23
Item number .J86412 2011
100 ## - MAIN ENTRY--PERSONAL NAME
Personal name Jung, C. G.
245 #0 - TITLE STATEMENT
Title 心理结构与心理动力学:
Remainder of title = The structure and dynamics of the psyche /
Statement of responsibility, etc. (瑞士) 卡尔·古斯塔夫·荣格 (C. G. Jung); 关群德译
246 ## - VARYING FORM OF TITLE
Title proper/short title 心理結構與心理動力學:
Remainder of title /
260 ## - PUBLICATION, DISTRIBUTION, ETC.
Place of publication, distribution, etc. 北京 :
Name of publisher, distributor, etc. 國際文化有限公司,
Date of publication, distribution, etc. 2011
300 ## - PHYSICAL DESCRIPTION
Extent [2], 380 p.
Other physical details ;
Dimensions 24 cm.
500 ## - GENERAL NOTE
General note Translation of : The structure and dynamics of the psyche / Translated by R.F.C. Hull ; [New York] Pantheon Books, 1960.
650 ## - SUBJECT ADDED ENTRY--TOPICAL TERM
Topical term or geographic name entry element Parapsychology.
650 ## - SUBJECT ADDED ENTRY--TOPICAL TERM
Topical term or geographic name entry element Psychoanalysis.
700 ## - ADDED ENTRY--PERSONAL NAME
Personal name 关群德
700 ## - ADDED ENTRY--PERSONAL NAME
Personal name 卡尔·古斯塔夫·荣格
Holdings
Withdrawn status Lost status Damaged status Not for loan Home library Current library Shelving location Date acquired Total Checkouts Full call number Barcode Date last seen Price effective from Koha item type
        GETS Theological Seminary Library GETS Theological Seminary Library General Stacks 12/21/2020   BF23 .J86412 2011 00020630 12/21/2020 12/21/2020 Chinese Book
OpacCredits

Contact the Librarian, GETS Library
Email: library@mygets.org









Implemented by GETS Library
(Powered by ETCA Professional Group)
GETS Theological Seminary
412 E. Rowland Street, CA 91723